Lí luận trước chân trời mở: Tập tiểu luận văn chương
Spremljeno u:
| Glavni autor: | |
|---|---|
| Format: | Knjiga |
| Jezik: | Undetermined |
| Izdano: |
H.
Giáo Dục
1998
|
| Teme: | |
| Oznake: |
Dodaj oznaku
Bez oznaka, Budi prvi tko označuje ovaj zapis!
|
| Thư viện lưu trữ: | Trung tâm Học liệu Trường Đại học Cần Thơ |
|---|
| LEADER | 00548nam a2200181Ia 4500 | ||
|---|---|---|---|
| 001 | CTU_53186 | ||
| 008 | 210402s9999 xx 000 0 und d | ||
| 020 | |b 14000 | ||
| 082 | |a 809 | ||
| 082 | |b Tr513 | ||
| 100 | |a Phạm Quang Trung | ||
| 245 | 0 | |a Lí luận trước chân trời mở: Tập tiểu luận văn chương | |
| 260 | |a H. | ||
| 260 | |b Giáo Dục | ||
| 260 | |c 1998 | ||
| 650 | |a literature,literature | ||
| 650 | |x philosophy,history and criticism | ||
| 980 | |a Trung tâm Học liệu Trường Đại học Cần Thơ | ||